000 00897cam a2200277 i 4500
003 EG-GICUC
005 20260218114932.0
008 760609s1964 nyu frb 001 0 eng d
040 _aDLC
_cNNYU
_dOCoLC
_dOAkU-L
_dODaWU
_dCSdC-L
_dDLC
_dEG-GICUC
_beng
_erda
050 0 0 _aKZ3110.F75
_bA345 1964
082 _a341
_221
092 0 4 _221
099 _aLaw 11 1964
100 1 _aFriedmann, Wolfgang,
_d1907-1972.
245 1 4 _aThe changing structure of international law,
_cby Wolfgang Friedmann.
264 _aNew York,
_bColumbia University Press,
_c1964.
300 _axvi, 410 pages ;
_c26 cm.
336 _atext
_2rdacontent
337 _aComputer
_2rdamedia
338 _aOnline Resource
_2rdacarrier
504 _aBibliography: p. [383]-396.
650 0 _aInternational law.
856 4 0 _uhttps://fll.law.cu.edu.eg/fulltext/bks/ENGB11-00155.pdf
905 _a10
942 _2ddc
_cBK
_e21
_n0
999 _c63533
_d63533